Eastern Utah Libraries Catalog: Duchesne, Heber, Roosevelt, & Vernal

Paw patrol : Pups save Puplantis (Record no. 240472)

MARC details
000 -LEADER
fixed length control field 02371cgm a2200565Mi 4500
001 - CONTROL NUMBER
control field on1082320074
003 - CONTROL NUMBER IDENTIFIER
control field OCoLC
005 - DATE AND TIME OF LATEST TRANSACTION
control field 20240208113748.0
007 - PHYSICAL DESCRIPTION FIXED FIELD--GENERAL INFORMATION
fixed length control field vd cvaizq
008 - FIXED-LENGTH DATA ELEMENTS--GENERAL INFORMATION
fixed length control field 181203s2019 nyu095 j vleng d
024 1# - OTHER STANDARD IDENTIFIER
Standard number or code 032429314413
028 42 - PUBLISHER NUMBER
Publisher number 59200824000
Source Paramount Home Entertainment
035 ## - SYSTEM CONTROL NUMBER
System control number (OCoLC)1082320074
037 ## - SOURCE OF ACQUISITION
Source of stock number/acquisition Midwest Tape
Note http://www.midwesttapes.com
040 ## - CATALOGING SOURCE
Original cataloging agency CG4
Language of cataloging eng
Description conventions rda
Transcribing agency CG4
Modifying agency OCLCO
-- UINTA
041 1# - LANGUAGE CODE
Language code of text/sound track or separate title eng
Language code of original and/or intermediate translations of text eng
049 ## - LOCAL HOLDINGS (OCLC)
Holding library UCLB
050 #4 - LIBRARY OF CONGRESS CALL NUMBER
Classification number PN1992.77
Item number .P39 2019
082 04 - DEWEY DECIMAL CLASSIFICATION NUMBER
Classification number 791.45/72
Edition number 23
092 ## - LOCALLY ASSIGNED DEWEY CALL NUMBER (OCLC)
Classification number EDVD
245 00 - TITLE STATEMENT
Title Paw patrol : Pups save Puplantis
246 30 - VARYING FORM OF TITLE
Title proper/short title Pups save Puplantis
264 #1 - Production, Publication, Distribution, Manufacture, and Copyright Notice.
Place of production, publication, distribution, manufacture [Place of publication not identified] :
Name of producer, publisher, distributor, manufacturer Paramount Home Entertainment
Date of production, publication, distribution, manufacture, or copyr 2019.
300 ## - PHYSICAL DESCRIPTION
Extent 1 videodisc (95 min.) :
Other physical details sound, color ;
Dimensions 4 3/4 in.
336 ## - Content Type
Content type term two-dimensional moving image
337 ## - Media type
Media type term video
338 ## - Carrier type
Carrier type term videodisc
500 ## - GENERAL NOTE
General note Title from sell sheet.
500 ## - GENERAL NOTE
General note Originally broadcast on television.
500 ## - GENERAL NOTE
General note Wide screen.
511 1# - PARTICIPANT OR PERFORMER NOTE
Participant or performer note Max Calinescu, Devan Cohen, Nakia Burrise, Sarah Brown, Kimberley Crossman, Christian Distefano, Kallan Holley.
520 ## - SUMMARY, ETC.
Summary, etc The PAW Patrol is diving back in for six underwater adventures! Join Marshall, Chase, Zuma, Skye, Rubble, and Rocky as they save Puplantis, rescue a wiggly whale, and save the Sea Patroller from pirates!
521 8# - TARGET AUDIENCE NOTE
Target audience note Rating: TVMA.
538 ## - SYSTEM DETAILS NOTE
System details note DVD, wide screen.
546 ## - LANGUAGE NOTE
Language note Closed-captioned.
650 #0 - SUBJECT ADDED ENTRY--TOPICAL TERM
Topical term or geographic name as entry element PAW Patrol (Fictitious characters)
Form subdivision Juvenile films
-- Juvenile fiction.
9 (RLIN) 5764134
650 #0 - SUBJECT ADDED ENTRY--TOPICAL TERM
Topical term or geographic name as entry element Rescues
Form subdivision Juvenile films
-- Juvenile fiction.
9 (RLIN) 5764135
650 #0 - SUBJECT ADDED ENTRY--TOPICAL TERM
Topical term or geographic name as entry element Pirates
Form subdivision Juvenile films
-- Juvenile fiction.
9 (RLIN) 5764136
655 #7 - INDEX TERM--GENRE/FORM
Genre/form data or focus term Television programs.
Source of term lcgft
9 (RLIN) 5674006
655 #7 - INDEX TERM--GENRE/FORM
Genre/form data or focus term Children's films.
Source of term lcgft
9 (RLIN) 5674336
655 #7 - INDEX TERM--GENRE/FORM
Genre/form data or focus term Video recordings for the hearing impaired.
Source of term lcgft
9 (RLIN) 5764137
700 1# - ADDED ENTRY--PERSONAL NAME
Personal name Calinescu, Max,
Relator term voice actor.
9 (RLIN) 6454088
700 1# - ADDED ENTRY--PERSONAL NAME
Personal name Cohen, Devan,
Relator term voice actor.
9 (RLIN) 5953331
700 1# - ADDED ENTRY--PERSONAL NAME
Personal name Burrise, Nakia,
Dates associated with a name 1974-
Relator term voice actor.
9 (RLIN) 6359631
700 1# - ADDED ENTRY--PERSONAL NAME
Personal name Brown, Sarah,
Relator term voice actor.
9 (RLIN) 5764141
710 2# - ADDED ENTRY--CORPORATE NAME
Corporate name or jurisdiction name as entry element Nick Jr. (Firm),
Relator term publisher.
9 (RLIN) 67708
710 2# - ADDED ENTRY--CORPORATE NAME
Corporate name or jurisdiction name as entry element Paramount Pictures Corporation,
Relator term publisher.
9 (RLIN) 7712
730 0# - ADDED ENTRY--UNIFORM TITLE
Uniform title PAW patrol (Television program).
Name of part/section of a work Pups save Puplantis.
9 (RLIN) 5764142
942 ## - ADDED ENTRY ELEMENTS (KOHA)
Source of classification or shelving scheme Dewey Decimal Classification
Koha item type DVD
Holdings
Withdrawn status Lost status Source of classification or shelving scheme Damaged status Not for loan Collection code Home library Current library Shelving location Date acquired Source of acquisition Total Checkouts Total Renewals Full call number Barcode Checked out Date last seen Date checked out Cost, replacement price Price effective from Koha item type
  Long Overdue (Lost) Dewey Decimal Classification     Children Movies Wasatch County Library Wasatch County Library Audio Visual Area 11/18/2021 Micromarketing 41 58 E DVD Paw 34301001885450 12/15/2025 11/24/2025 11/24/2025 10.99 11/18/2021 DVD
This project was made possible through a grant from the Institute of Museum and Library Service administered by the Utah State Library Division.

Wasatch County Library

  • 465 East 1200 South, Heber City, Utah 84032
  • Phone 435-654-1511 | Fax 435-654-6456

Hours

  • Monday - Friday 9:30 AM - 8:00 PM
  • Saturday 9:30 AM - 1:30 PM
  • Closed Sundays and Holidays